Nghiên cứu xử lý nước thải nhà máy chế biến bột cá bằng phương pháp kị khí và hiếu khí Luận văn tốt nghiệp đại học ngành Kỹ thuật môi trường

Nghiên cứu xử lý nước thải nhà máy chế biến bột cá bằng phương pháp kị khí và hiếu khí tại công ty thủy sản Tây Long và công ty cổ phần thủy sản MêKông

Đã lưu trong:
书目详细资料
主要作者: Nguyễn, Phúc Điền
格式: 图书
语言:Undetermined
出版: Cần Thơ Trường Đại học Cần Thơ 2012
主题:
标签: 添加标签
没有标签, 成为第一个标记此记录!
Thư viện lưu trữ: Trung tâm Học liệu Trường Đại học Cần Thơ
LEADER 01204nam a2200217Ia 4500
001 CTU_178619
008 210402s9999 xx 000 0 und d
082 |a 628.4 
082 |b Đ305 
088 |a 1087330 , 1080791 
100 |a Nguyễn, Phúc Điền 
245 0 |a Nghiên cứu xử lý nước thải nhà máy chế biến bột cá bằng phương pháp kị khí và hiếu khí 
245 0 |b Luận văn tốt nghiệp đại học ngành Kỹ thuật môi trường 
245 0 |c Nguyễn Phúc Điền, Nguyễn Thanh Hải ; Nguyễn Thị Thu Vân, Huỳnh Long Toản (Giáo viên hướng dẫn) 
260 |a Cần Thơ 
260 |b Trường Đại học Cần Thơ 
260 |c 2012 
520 |a Nghiên cứu xử lý nước thải nhà máy chế biến bột cá bằng phương pháp kị khí và hiếu khí tại công ty thủy sản Tây Long và công ty cổ phần thủy sản MêKông 
650 |a Wastewaters,Environmental protection,Xử lý nước thải 
910 |a Nguyên 
980 |a Trung tâm Học liệu Trường Đại học Cần Thơ